Furcht und Zittern
| Otros Autores: | |
|---|---|
| Tipo de documento: | Print Libro |
| Lenguaje: | Alemán |
| Publicado: |
Berlin
Kursbuch/Rotbuch-Verl.
c 1982
|
| En: |
Kursbuch (68)
Año: 1982 |
| Disponibilidad en Tübingen: | Disponible en Tübingen. IFK: O XI 115 |
| Verificar disponibilidad: | HBZ Gateway |
| Servicio de pedido Subito: | Pedir ahora. |
| Palabras clave: |
MARC
| LEADER | 00000cam a2200000 c 4500 | ||
|---|---|---|---|
| 001 | 1099742447 | ||
| 003 | DE-627 | ||
| 005 | 20260206202539.0 | ||
| 007 | tu | ||
| 008 | 920903s1982 xx ||||| 00| ||ger c | ||
| 035 | |a (DE-627)1099742447 | ||
| 035 | |a (DE-603)056549342 | ||
| 035 | |a (DE-576)029742447 | ||
| 035 | |a (DE-599)BSZ029742447 | ||
| 035 | |a (OCoLC)256210867 | ||
| 035 | |a (OCoLC)63457630 | ||
| 035 | |a (DE-604)8027670368 | ||
| 040 | |a DE-627 |b ger |c DE-627 |e rakwb | ||
| 041 | |a ger | ||
| 084 | |a GN 2125 |2 rvk |0 (DE-625)rvk/42475: | ||
| 084 | |a GN 2025 |2 rvk |0 (DE-625)rvk/42469: | ||
| 084 | |a MN 1000 |2 rvk |0 (DE-625)rvk/123401: | ||
| 245 | 0 | 0 | |a Furcht und Zittern |
| 264 | 1 | |a Berlin |b Kursbuch/Rotbuch-Verl. |c c 1982 | |
| 300 | |a 188 S. |b Ill., graph. Darst. | ||
| 336 | |a Text |b txt |2 rdacontent | ||
| 337 | |a ohne Hilfsmittel zu benutzen |b n |2 rdamedia | ||
| 338 | |a Band |b nc |2 rdacarrier | ||
| 490 | 1 | |a Kursbuch |v 68 | |
| 700 | 1 | |a Horx, Matthias |d 1955- |0 (DE-588)120530716 |0 (DE-627)080731473 |0 (DE-576)161492576 |4 oth | |
| 830 | 0 | |a Kursbuch |v 68 |9 1982,68 |w (DE-627)129080365 |w (DE-576)014413086 |w (DE-600)3287-6 |x 0023-5652 |7 am | |
| 935 | |h HEB |i 0501 | ||
| 935 | |h HEB |i 0503 | ||
| 936 | r | v | |a GN 2125 |b Allgemeine Sammlungen |k Germanistik. Niederlandistik. Skandinavistik |k Deutsche Literatur |k Moderne II: 1946 - 1990 |k Literaturgeschichte |k Textsammlungen. Anthologien |k Allgemeine Sammlungen |0 (DE-627)1270906585 |0 (DE-625)rvk/42475: |0 (DE-576)200906585 |
| 936 | r | v | |a GN 2025 |b Texte |k Germanistik. Niederlandistik. Skandinavistik |k Deutsche Literatur |k Moderne II: 1946 - 1990 |k Literaturgeschichte |k Literarische Zeitschriften |k Texte |0 (DE-627)1270906542 |0 (DE-625)rvk/42469: |0 (DE-576)200906542 |
| 936 | r | v | |a MN 1000 |b Zeitschriften |k Soziologie |k Zeitschriften |0 (DE-627)1399012843 |0 (DE-625)rvk/123401: |0 (DE-576)329012843 |
| 936 | s | n | |a m200 |2 mzub |
| 951 | |a BO | ||
| ELC | |b 1 | ||
| LOK | |0 000 xxxxxcx a22 zn 4500 | ||
| LOK | |0 001 2642514102 | ||
| LOK | |0 003 DE-627 | ||
| LOK | |0 004 1099742447 | ||
| LOK | |0 005 20100723125011 | ||
| LOK | |0 008 100723||||||||||||||||ger||||||| | ||
| LOK | |0 040 |a DE-21-110 |c DE-627 |d DE-21-110 | ||
| LOK | |0 541 |e 10/209 | ||
| LOK | |0 689 |a s |a Natur | ||
| LOK | |0 689 |a s |a Umweltzerstörung | ||
| LOK | |0 689 |a s |a Krieg | ||
| LOK | |0 689 |a s |a Frieden | ||
| LOK | |0 689 |a s |a Soziologie | ||
| LOK | |0 852 |a DE-21-110 | ||
| LOK | |0 852 1 |c O XI 115 |m p |9 00 | ||
| LOK | |0 936ln |a 7.3.1.5 | ||
| LOK | |0 938 |a 1007 | ||
| LOK | |0 938 |k p | ||
| LOK | |0 939 |a 23-07-10 |b l01 | ||
| ORI | |a SA-MARC-krimdoka001.raw | ||
| SIG | |a IFK: O XI 115 | ||
